| 000 | 02033nam0a2200385 4500 | ||
|---|---|---|---|
| 001 | RU\NLR\BIBL_A\022584614 | ||
| 005 | 20260420050743.0 | ||
| 010 |
_a978-5-369-01977-1 _bРИОР |
||
| 010 |
_a978-5-16-020654-7 _bИНФРА-М _9500 |
||
| 021 |
_aRU _bКН-П-25-024777 _9КН-П-25-2469 |
||
| 035 | _a(NLR Aleph) 022584614 | ||
| 090 |
_a13677852 _c13677852 |
||
| 100 | _a20250714d2025 k y0rusy50 ca | ||
| 101 | 0 | _arus | |
| 102 | _aRU | ||
| 105 | _ay j 000yy | ||
| 181 | 0 |
_ai4 _baxxe |
|
| 182 | 0 | _an | |
| 200 | 1 |
_aАдминистративное право России _eучебник _eдля студентов высших учебных заведений, обучающихся по укрупненной группе специальностей 40.00.00 "Юриспруденция" _fС. Н. Братановский, Ю. В. Капитанец, М. Г. Вулах |
|
| 203 |
_aТекст _bвизуальный _cнепосредственный |
||
| 205 | _a3-е изд. | ||
| 210 |
_aМосква _cИНФРА-М, РИОР _d2025 |
||
| 215 |
_a285, [1] с. _d22 |
||
| 225 | 1 | _aВысшее образование | |
| 300 | _aНа обороте тит. с. авт.: Братановский С. Н., д-р юрид. наук, Капитанец Ю. В. , канд. юрид. наук, доц., Вулах Г. М., канд. юрид. наук, доц. | ||
| 320 | _aБиблиогр.: с. 279-282 | ||
| 606 | 1 |
_aАдминистративное право _jУчебники для высших учебных заведений _yРоссийская Федерация _92077672 _3RU\NLR\AUTH\661253353 |
|
| 686 | 1 | _aХ621я73 | |
| 700 | 1 |
_aБратановский _bС. Н. _f1947- _gСергей Николаевич |
|
| 701 | 1 |
_aКапитанец _bЮ. В. _gЮлия Владимировна |
|
| 701 | 1 |
_aВулах _bГ. М. _gГригорий Михайлович |
|
| 942 | _cBOOK | ||
| 980 | _aNB | ||